Blended practices for teaching young children in inclusive settings / (Record no. 147337)

MARC details
000 -LEADER
fixed length control field 00981cam a2200253 a 4500
001 - CONTROL NUMBER
control field vtls003236720
003 - CONTROL NUMBER IDENTIFIER
control field MY-SjTCS
005 - DATE AND TIME OF LATEST TRANSACTION
control field 20200226115344.0
008 - FIXED-LENGTH DATA ELEMENTS--GENERAL INFORMATION
fixed length control field 120817r20112005mdua b 001 0 eng
020 ## - INTERNATIONAL STANDARD BOOK NUMBER
International Standard Book Number 1557667993 (pbk.)
020 ## - INTERNATIONAL STANDARD BOOK NUMBER
International Standard Book Number 9781557667991 (pbk.)
039 #9 - LEVEL OF BIBLIOGRAPHIC CONTROL AND CODING DETAIL [OBSOLETE]
Level of rules in bibliographic description 201210051115
Level of effort used to assign nonsubject heading access points pushpa
-- 201208171431
-- malathy
082 04 - DEWEY DECIMAL CLASSIFICATION NUMBER
Classification number 372.21
Item number GRI 2011
100 1# - MAIN ENTRY--PERSONAL NAME
Personal name Grisham-Brown, Jennifer.
9 (RLIN) 64161
245 10 - TITLE STATEMENT
Title Blended practices for teaching young children in inclusive settings /
Statement of responsibility, etc. by Jennifer Grisham-Brown, Mary Louise Hemmeter, and Kristie Pretti-Frontczak.
260 ## - PUBLICATION, DISTRIBUTION, ETC.
Place of publication, distribution, etc. Baltimore, Md. :
Name of publisher, distributor, etc. Paul H. Brookes Pub.,
Date of publication, distribution, etc. c2005
Date of manufacture (2011 printing)
300 ## - PHYSICAL DESCRIPTION
Extent xviii, 292 p. :
Other physical details ill. ;
Dimensions 24 cm.
504 ## - BIBLIOGRAPHY, ETC. NOTE
Bibliography, etc. note Includes bibliographical references and index.
650 #0 - SUBJECT ADDED ENTRY--TOPICAL TERM
Topical term or geographic name entry element Early childhood education.
650 #0 - SUBJECT ADDED ENTRY--TOPICAL TERM
Topical term or geographic name entry element Early childhood special education.
9 (RLIN) 64162
700 1# - ADDED ENTRY--PERSONAL NAME
Personal name Hemmeter, Mary Louise.
9 (RLIN) 64163
700 1# - ADDED ENTRY--PERSONAL NAME
Personal name Pretti-Frontczak, Kristie.
9 (RLIN) 64164
920 ## - Programme
Programme EDU : 187951
Holdings
Withdrawn status Lost status Source of classification or shelving scheme Damaged status Not for loan Collection code Home library Current library Date acquired Cost, normal purchase price Total Checkouts Barcode Date last seen Copy number Cost, replacement price Koha item type Public note
    Dewey Decimal Classification     Please fill up online form at https://taylorslibrary.taylors.edu.my/services/external_storage1 Taylor's Library-TU TU External Storage-Block E 04/10/2012 191.25   5000136209 05/12/2019 1 191.25 Main Collection SOEDx,39000,03,RA